000 01264nam0a2200349 4500
001 RU\NLR\BIBL_A\022269022
005 20240717135022.0
010 _a978-5-907696-22-8
_95000
021 _aRU
_bКН-П-24-029835
_9КН-П-24-3031
035 _a(NLR Aleph) 022269022
090 _a12346305
_c12346305
100 _a20240702d2024 u y0rusy50 ca
101 1 _arus
_ceng
102 _aRU
105 _ay z 000ay
181 0 _ai4
_baxxe
182 0 _an
200 1 _aРодная страна
_e[роман]
_fКори Доктороу
_gперевела с английского Елена Токарева
203 _aТекст
_bвизуальный
_cнепосредственный
210 _aМосква
_cPopcorn Books
_d2024 (печ. 2023)
215 _a459, [2] с.
_d21
225 1 _aМладший брат
320 _aБиблиогр.: с. 456-460
320 _aДр. кн. авт. в конце кн.
333 _a18+
686 1 _aШ6(7К)167-4{Лх1960-18}
700 1 _7ca
_8rus
_aДоктороу
_bК.
_f1971-
_gКори
_9208942
_3RU\NLR\AUTH\770208996
942 _cBOOK
980 _aNB